| 000 | 00547nam a22001577a 4500 | ||
|---|---|---|---|
| 008 | 090629t xxu||||| |||| 00| 0 eng d | ||
| 020 | _a0070994054 | ||
| 082 |
_222 _a671 _bLIT |
||
| 245 |
_aMetalworking Technology / _cRichard L. Little. |
||
| 260 |
_aNew Delhi : _bTata McGraw-Hill, _c1977 |
||
| 300 |
_aix, 430 p. : _bill. ; _c24 cm. |
||
| 500 | _aIncludes index | ||
| 650 |
_94520 _aMetal-work |
||
| 942 |
_2ddc _cBB |
||
| 999 |
_c12099 _d12099 |
||